| 000 | 00928nam a22002295i 4500 | ||
|---|---|---|---|
| 001 | 165244 | ||
| 003 | ES-MaACL | ||
| 005 | 20230906213108.0 | ||
| 008 | 050905s1901 sp af | |||||||| ||spa d | ||
| 040 |
_aCAM _bspa _cCAM |
||
| 080 | _a726.591.3(460) | ||
| 080 | _a726.597(460.16 P.) | ||
| 100 | 1 |
_aSerrano Fatigati, Enrique. _9132669 |
|
| 245 | 1 | 4 |
_aLos claustros de Pamplona _b; Sillerías de coro españolas / _cpor Enrique Serrano Fagitati. |
| 260 |
_aMadrid : _b[s.n.], _c1901 ( _fImp. de San Francisco de Sales) |
||
| 300 |
_a16 p., [7] h. de lám. ; _c28 cm. |
||
| 594 | _aPrecede al tít.: Notas arqueológicas. | ||
| 650 | 4 |
_aSillerías de coro- _zEspaña. _9149890 |
|
| 650 | 4 |
_aClaustros- _xCatedral de Pamplona. _9149891 |
|
| 700 | 1 |
_aSerrano Fatigati, Enrique. _tSillerías de coro españolas. _9132670 |
|
| 852 |
_aES-MaACL _jT-996-F-3 _z-- Enc. hol., conservando la cub. original _z-- Enc. en un vol. facticio |
||
| 999 |
_c165244 _d165244 |
||